000 00551nam a2200169 i 4500
001 75796
003 ES-MaACL
005 20230906172613.0
007 t|
008 040927s1905 sp ||||1| spa d
100 1 _aGrijalba y Alcocer, José de.
_960025
245 1 0 _aPoesías del Ilmo. Sr. D. José de Grijalba y Alcocer /
_ccon un prólogo de Carlos de Lecea y García.
260 _aMadrid :
_bRicardo Fé,
_c1905.
300 _aXXVII, 328 p. ;
_c21 cm.
700 1 _aLecea y García, Carlos de (
_d1835-1919)
_9144318
852 _aES-MaACL
_jF-7176
999 _c75796
_d75796